[Event "SRB-ch sf"]
[Site "Paracin"]
[Date "2022.03.21"]
[Round "6"]
[White "Gagic, Milan"]
[Black "Radovanovic, Miroljub B"]
[Result "0-1"]
[WhiteElo "1706"]
[BlackElo "1901"]
[PlyCount "132"]
[EventDate "2022.03.17"]
[EventType "swiss"]
[EventRounds "9"]
[EventCountry "SRB"]
[SourceTitle "CBM 207 Extra"]
[Source "ChessBase"]
[SourceDate "2022.05.31"]
[SourceVersion "1"]
[SourceVersionDate "2022.05.31"]
[SourceQuality "1"]

1. d4 d5 2. Nc3 Nf6 3. Bf4 e6 4. e3 Bb4 5. a3 Bd6 6. Nf3 0-0 7. Be2 Nh5 8. Bg5 Be7 9. Bxe7 Qxe7 10. 0-0 Nf6 11. Re1 Nbd7 12. Bf1 c6 13. e4 dxe4 14. Nxe4 Nxe4 15. Rxe4 Nf6 16. Re1 b6 17. c4 Bb7 18. Qc2 Qc7 19. c5 b5 20. Bd3 h6 21. Re5 Rad8 22. h3 Rd5 23. Rae1 Rfd8 24. Qc1 Bc8 25. Qe3 a6 26. g4 Rxe5 27. Nxe5 Nd5 28. Qe4 Nf6 29. Qe3 Nd5 30. Qe4 g6 31. Rd1 Kg7 32. Bc2 Ne7 33. Qf4 f6 34. Nxg6 Qxf4 35. Nxf4 f5 36. f3 Kf6 37. Kf2 Nd5 38. Ne2 fxg4 39. hxg4 Rf8 40. Rh1 Kg7 41. Rg1 Kf6 42. Ng3 Bd7 43. Ne4+ Ke7 44. g5 Nf4 45. Rg3 hxg5 46. Nxg5 Rg8 47. Be4 Rxg5 48. Rg4 Rxg4 49. fxg4 Kf6 50. Kf3 Nh3 51. Bd3 e5 52. Ke4 Nf2+ 53. Ke3 Nxd3 54. Kxd3 Bxg4 55. dxe5+ Kxe5 56. Kc3 a5 57. b4 axb4+ 58. axb4 Ke4 59. Kb3 Kd3 60. Kb2 Kd2 61. Kb3 Be6+ 62. Ka3 Bf5 63. Kb3 Bd3 64. Kb2 Be2 65. Ka2 Kc2 66. Ka3 Kc3 0-1

[Event "SRB-ch sf"]
[Site "Paracin"]
[Date "2022.03.17"]
[Round "1"]
[White "Gagic, Milan"]
[Black "Djokic, Mihailo"]
[Result "0-1"]
[WhiteElo "1706"]
[BlackElo "2223"]
[PlyCount "64"]
[EventDate "2022.03.17"]
[EventType "swiss"]
[EventRounds "9"]
[EventCountry "SRB"]
[SourceTitle "CBM 207 Extra"]
[Source "ChessBase"]
[SourceDate "2022.05.31"]
[SourceVersion "1"]
[SourceVersionDate "2022.05.31"]
[SourceQuality "1"]

1. d4 Nf6 2. Nf3 g6 3. g3 Bg7 4. Bg2 0-0 5. 0-0 d6 6. Nc3 c5 7. dxc5 dxc5 8. Qxd8 Rxd8 9. Be3 Na6 10. Rfd1 Re8 11. h3 Nd7 12. Bd2 Nb6 13. e4 Bd7 14. Nd5 Na4 15. Bc3 Nxc3 16. Nxc3 Bc6 17. Ne1 Nc7 18. Rab1 Bxc3 19. bxc3 Nb5 20. Rd3 Rad8 21. Re3 Na3 22. Rb3 Nc4 23. Rd3 Ne5 24. Rxd8 Rxd8 25. Rb1 Rd2 26. Rc1 Re2 27. f3 Re3 28. f4 Nc4 29. Kf2 Rxc3 30. e5 Bxg2 31. Kxg2 Ra3 32. Rd1 Ne3+ 0-1